| 000 | 00535nam a22001697a 4500 | ||
|---|---|---|---|
| 005 | 20260302143910.0 | ||
| 010 | _aBACEN26 | ||
| 020 |
_a9788176488839 _c595.00 |
||
| 037 | _bAPH Publishing Corporation | ||
| 082 | _a376.4 | ||
| 100 |
_aMishra, R.C. _988019 |
||
| 245 |
_aWomen Education/ _cby R.C. Mishra |
||
| 260 |
_aNew Delhi _bAPH Publishing Corporation _c2025 |
||
| 270 |
_a4435-36/7, Ansari Raod, Darya Ganj, _bNew Delhi _e110002 _k23274050 |
||
| 300 |
_a314p. _c22cm(pb) |
||
| 942 |
_2ddc _cEN _h376.4 _mMIS |
||
| 999 |
_c215091 _d215091 |
||